E-banking
| Main Author: | |
|---|---|
| Format: | Book |
| Published: |
New Delhi :
RBSA Publishers ,
2006
|
| Subjects: |
MARC
| LEADER | 00000cam a2200000 7i4500 | ||
|---|---|---|---|
| 001 | 0000031389 | ||
| 005 | 20120216.0 | ||
| 008 | 120216 | ||
| 020 | |a 8176113166 | ||
| 090 | 0 | 0 | |a 332.024 |b JAI |
| 100 | 1 | |a Jain, Sugan C. | |
| 245 | 1 | 0 | |a E-banking |c Sugan C. Jain |
| 260 | |a New Delhi : |b RBSA Publishers , |c 2006 | ||
| 650 | 0 | |a Books and banking | |
| 650 | 0 | |a Internet banking | |
| 999 | |a 0001140897 |b Book |c Adult Collection |e Cawangan Urban Transformation Centre | ||